[Event "Hamadan Iran op 11th"]
[Site "Hamadan"]
[Date "2012.07.15"]
[Round "7"]
[White "Valizadeh, Ali"]
[Black "Rostami, Taha"]
[Result "1-0"]
[WhiteElo "2202"]
[BlackElo "2033"]
[PlyCount "69"]
[EventDate "2012.07.11"]
[EventType "swiss"]
[EventRounds "11"]
[EventCountry "IRI"]
[SourceTitle "CBM 149 Extra"]
[Source "ChessBase"]
[SourceDate "2012.08.24"]
[SourceVersion "1"]
[SourceVersionDate "2012.08.24"]
[SourceQuality "1"]

1. d4 e6 2. c4 Nf6 3. g3 Bb4+ 4. Bd2 Qe7 5. Bg2 Nc6 6. Nf3 Bxd2+ 7. Nbxd2 d6 8. 0-0 0-0 9. e4 e5 10. d5 Nb8 11. Ne1 a5 12. Nd3 Na6 13. a3 Bg4 14. Qe1 Bh5 15. b4 axb4 16. axb4 c6 17. Qe3 Nd7 18. Nb3 cxd5 19. cxd5 Nf6 20. Na5 Bg6 21. Rfc1 Rfb8 22. b5 Nc7 23. b6 Nb5 24. Nc6 bxc6 25. Rxa8 Rxa8 26. dxc6 Ne8 27. Nb4 Qd8 28. Nd5 Nbc7 29. bxc7 Nxc7 30. Qb6 Qg5 31. Rf1 Nxd5 32. exd5 Bf5 33. c7 Rc8 34. Qxd6 Re8 35. h4 1-0

[Event "Hamadan Iran op 11th"]
[Site "Hamadan"]
[Date "2012.07.14"]
[Round "5"]
[White "Pilvaieh, Ali"]
[Black "Rostami, Taha"]
[Result "0-1"]
[WhiteElo "2148"]
[BlackElo "2033"]
[PlyCount "84"]
[EventDate "2012.07.11"]
[EventType "swiss"]
[EventRounds "11"]
[EventCountry "IRI"]
[SourceTitle "CBM 149 Extra"]
[Source "ChessBase"]
[SourceDate "2012.08.24"]
[SourceVersion "1"]
[SourceVersionDate "2012.08.24"]
[SourceQuality "1"]

1. e4 c5 2. Nc3 Nc6 3. Nge2 g6 4. d4 cxd4 5. Nxd4 Bg7 6. Be3 Qa5 7. Nb3 Bxc3+ 8. bxc3 Qxc3+ 9. Bd2 Qe5 10. Bd3 Nf6 11. 0-0 d6 12. h3 Qh5 13. Qe1 g5 14. f3 Nd7 15. Qe3 Rg8 16. Nd4 Nxd4 17. Qxd4 Ne5 18. Bb5+ Kf8 19. Rf2 Be6 20. Bf1 f6 21. Rb1 b6 22. a4 Kf7 23. a5 bxa5 24. Be2 Qh4 25. Rff1 Ng6 26. Bc4 Bxc4 27. Qxc4+ Kg7 28. Rb7 Qg3 29. Rfb1 Kh6 30. Be1 Qe5 31. R7b5 Rgc8 32. Qd3 Rc5 33. Bf2 Rxb5 34. Rxb5 Qa1+ 35. Kh2 Rc8 36. h4 gxh4 37. Qd2+ Kg7 38. Rh5 Rg8 39. Rxa5 Qf1 40. Rxa7 h3 41. gxh3 Nf4 42. Kg3 Qg2+ 0-1